NYC J Train Subway Stations (Harder Version) - Statistics

General Stats
  • This quiz has been taken 33 times
  • The average score is 24 of 30
Answer Stats
Borough Neighborhood Station Transfers % Correct
Brooklyn East New York Broadway Junction L, A, C
100%
Queens Jamaica Jamaica Center–Parsons/Archer E
100%
Manhattan Chinatown Canal Street N, Q, R, W, 6
94%
Brooklyn Bedford–Stuyvesant Kosciuszko Street
94%
Brooklyn Bedford–Stuyvesant Myrtle Avenue M
94%
Manhattan Civic Center Brooklyn Bridge–City Hall/Chambers Street 4, 5, 6
88%
Manhattan Lower East Side Delancey Street/Essex Street F, M
88%
Manhattan Financial District Fulton Street A, C, 2, 3, 4, 5
88%
Brooklyn Williamsburg Marcy Avenue M
88%
Queens Jamaica Sutphin Boulevard–Archer Avenue–JFK Airport E
88%
Queens Richmond Hill 121st Street
81%
Brooklyn East New York Alabama Avenue
81%
Manhattan Lower East Side Bowery
81%
Manhattan Financial District Broad Street
81%
Brooklyn Williamsburg Flushing Avenue M
81%
Brooklyn Bedford–Stuyvesant Gates Avenue
81%
Queens Richmond Hill 104th Street
75%
Queens Richmond Hill 111th Street
75%
Queens Woodhaven 85th Street–Forest Parkway
75%
Brooklyn Bedford–Stuyvesant Chauncey Street
75%
Brooklyn East New York Cypress Hills
75%
Brooklyn Williamsburg Lorimer Street M
75%
Brooklyn East New York Van Siclen Avenue
75%
Queens Woodhaven 75th Street–Elderts Lane
69%
Brooklyn East New York Cleveland Street
69%
Brooklyn East New York Crescent Street
69%
Brooklyn Bedford–Stuyvesant Halsey Street
69%
Brooklyn Williamsburg Hewes Street M
69%
Queens Woodhaven Woodhaven Boulevard
69%
Brooklyn Cypress Hills Norwood Avenue
63%
No matching quizzes found
Score Distribution
Percent of People with Each Score
Percentile by Number Answered
Your Score History
You have not taken this quiz